00257nam a2200097 4500082001200000100001800012245004200030260003400072300000800106650004500114 a541 GOL aGolden,Sidney aAn Introduction to Physical Chemistry aReadingbAddison-Wesleyc1961 a307 atheoretical chemistry,physical chemistry